Real Madrid - Équipes Types depuis 2015 - Statistiques

Statistiques générales
  • Ce quiz a été pris 1 269 fois
    510 depuis la dernière actualisation
  • Le résultat moyen est 28 sur 32
Statistiques - réponses
Réponse % Correct
Thibaut Courtois
100%
Vinicius Junior
99%
Cristiano Ronaldo
98%
Karim Benzema
98%
Luka Modric
98%
Dani Carvajal
97%
Sergio Ramos
97%
Kylian Mbappé
96%
Toni Kroos
96%
Keylor Navas
95%
Rodrygo
95%
Antonio Rüdiger
94%
Ferland Mendy
93%
Marcelo
93%
Casemiro
91%
Gareth Bale
91%
Aurélien Tchouaméni
90%
Raphaël Varane
90%
Federico Valverde
88%
Jude Bellingham
88%
Eder Militao
87%
Eduardo Camavinga
87%
Andriy Lunin
84%
David Alaba
84%
Pepe
82%
Isco
78%
Fran Garcia
74%
Lucas Vazquez
70%
Nacho Fernandez
70%
Raul Asencio
68%
Marco Asensio
59%
Danilo
29%
Aucun quiz correspondant
Distribution des résultats
% des personnes avec chaque résultat
Percentile par nombre de réponses
Votre historique - résultats
Vous n’avez pas pris ce quiz depuis la dernière actualisation